Powiaty w województwie dolnośląskim - nagła śmierć - Statystyki

Ogólne statystyki
  • Ten quiz został rozwiązany 108 razy
  • Średni wynik to 14 z 20
Answers on the Grid
Answers color-coded by a green-red scale on the quiz's grid according to % correct below.
bieruńsko-lędziński
brzeski
chodzieski
czarnkowsko-trzcianecki
częstochowski
dębicki
dzierżoniowski
głogowski
górowski
grodziski
jaworski
Jelenia Góra
kamiennogórski
kłodzki
kościański
kościerski
krasnostawski
Legnica
leszczyński
Lubin
lwówecki
łobeski
lubański
miechowski
milicki
namysłowski
nowosolski
nyski
oławski
oleśnicki
ostrzeszowski
piski
rawicki
rybnicki
strzeliński
szamotulski
Toruń
trzebnicki
Wałbrzych
wieruszowski
wolsztyński
Wrocław
wschowski
ząbkowicki
zduńskowolski
złotoryjski
żagański
zambrowski
żarski
żyrardowski
 
Statystyki odpowiedzi
Odpowiedź % Poprawnych
Wrocław
82%
kłodzki
78%
kamiennogórski
77%
Legnica
77%
głogowski
76%
Wałbrzych
76%
Jelenia Góra
74%
oławski
73%
złotoryjski
73%
jaworski
72%
milicki
72%
trzebnicki
72%
dzierżoniowski
69%
Lubin
69%
lubański
66%
oleśnicki
66%
górowski
65%
lwówecki
64%
ząbkowicki
64%
strzeliński
55%
Nie znaleziono quizów pasujących do podanych kryteriów
Rozkład punktacji
Procent ludzi z każdym wynikiem
Percentyl według liczby udzielonych odpowiedzi
Twoja historia wyników
Nie rozwiązałeś tego quizu